MARC details
| 000 -CABECERA |
| campo de control de longitud fija |
03358nam a2200481 a 4500 |
| 003 - IDENTIFICADOR DEL NÚMERO DE CONTROL |
| campo de control |
CHAP |
| 005 - FECHA Y HORA DE LA ÚLTIMA TRANSACCIÓN |
| campo de control |
20240904104139.0 |
| 007 - CAMPO FIJO DE DESCRIPCIÓN FÍSICA--INFORMACIÓN GENERAL |
| campo de control de longitud fija |
cr ||||||a|c|a |
| 008 - DATOS DE LONGITUD FIJA--INFORMACIÓN GENERAL |
| campo de control de longitud fija |
101026s2010 mx r 00010 spa d |
| 035 ## - NÚMERO DE CONTROL DEL SISTEMA |
| Número de control de sistema |
111224 |
| 040 ## - FUENTE DE LA CATALOGACIÓN |
| Centro/agencia transcriptor |
CHAP |
| 090 ## - LOCALMENTE ASIGNADO TIPO-LC NÚMERO DE CLASIFICACIÓN (OCLC); NÚMERO DE CLASIFICACIÓN LOCAL (RLIN) |
| Número de clasificación (OCLC) (R) ; Numero de clasificación, CALL (RLIN) (NR) |
Tesis |
| 100 1# - ENTRADA PRINCIPAL--NOMBRE DE PERSONA |
| Nombre de persona |
Sánchez Román, Rosibel. |
| 9 (RLIN) |
107815 |
| 245 10 - MENCIÓN DE TÍTULO |
| Título |
Alternativa de fertilización con el uso de azospirillum, micorriza, composta y fertilización foliar para maíz zapalote chico en el Istmo de Tehuantepec |
| Mención de responsabilidad, etc. |
/por Rosibel Sánchez Ramón; director Gerardo Noriega Altamirano |
| 264 #1 - PRODUCCIÓN, PUBLICACIÓN, DISTRIBUCIÓN, FABRICACIÓN Y COPYRIGHT |
| Producción, publicación, distribución, fabricación y copyright |
Chapingo, Méx. : |
| Nombre del de productor, editor, distribuidor, fabricante |
El autor, |
| Fecha de producción, publicación, distribución, fabricación o copyright |
2010. |
| 300 ## - DESCRIPCIÓN FÍSICA |
| Extensión |
1 recurso en línea (128 páginas): |
| Otras características físicas |
Cuadros, figuras |
| 336 ## - TIPO DE CONTENIDO |
| Fuente |
rdacontent |
| Término de tipo de contenido |
texto |
| Código de tipo de contenido |
txt |
| 337 ## - TIPO DE MEDIO |
| Fuente |
rdamedia |
| Nombre/término del tipo de medio |
computadora |
| Código del tipo de medio |
c |
| 338 ## - TIPO DE SOPORTE |
| Fuente |
rdacarrier |
| Nombre/término del tipo de soporte |
recursos en linea |
| Código del tipo de soporte |
cr |
| 502 ## - NOTA DE TESIS |
| Tipo de título |
Ingeniero Agrónomo Especialista en Suelos |
| Nombre de la institución que otorga el título |
Departamento de Enseñanza, Investigación y Servicio en Suelos, |
| Año de obtención del título |
2010 |
| Información miscelánea |
Licenciatura |
| 520 ## - SUMARIO, ETC. |
| Sumario, etc. |
En el Istmo de Tehuantepec, Oaxaca, se siembra un maíz nativo o criollo de la raza Zapalote Chico, que en el ciclo de otoño-invierno se cultiva bajo condiciones extremas de viento, en humedad residual, sistema de producción que se conoce como “chahuites”. Durante 2008, se sembraron 84, 066 hectáreas con maíz, 87 % en condiciones de temporal, con un rendimiento promedio de 1.4 tonha-1. El uso de fertilizantes químicos al suelo es determinante para obtener rendimientos satisfactorios en maíz, este tipo de fertilizantes actualmente tienen precios elevados, por ello es conveniente explorar alternativas agroecológicas y sustentables como la coinoculación con micorrizas (Glomus sp.) y rizobacterias (Azospirillum brasilense), la incorporación de composta y la fertilización foliar como una vía de aportar nutrientes. Se evaluaron seis tratamientos, en un diseño completamente al azar con tres repeticiones; el análisis de los resultados obtenidos fue mediante un diseño completamente al azar con submuestreo. Las variables asociadas al rendimiento de grano registrada a los 100 días de la siembra indican que todos los tratamientos son estadísticamente iguales, así la dosis regional de fertilización (100-40-00) tuvo un mayor promedio, seguido del tratamiento con la coinoculación micorriza + Azospirillum + composta + fertilización foliar. Los resultados revelan que el uso de microorganismos, composta y fertilización foliar puede sustituir la fertilización química al suelo e incrementar la productividad en el sistema de producción de “Chahuites”. |
| 650 04 - PUNTO DE ACCESO ADICIONAL DE MATERIA--TÉRMINO DE MATERIA |
| Término de materia o nombre geográfico como elemento de entrada |
Azospirillum. |
| 9 (RLIN) |
9126 |
| 650 04 - PUNTO DE ACCESO ADICIONAL DE MATERIA--TÉRMINO DE MATERIA |
| Término de materia o nombre geográfico como elemento de entrada |
Compost. |
| 9 (RLIN) |
26105 |
| 650 04 - PUNTO DE ACCESO ADICIONAL DE MATERIA--TÉRMINO DE MATERIA |
| Término de materia o nombre geográfico como elemento de entrada |
Fertilización foliar. |
| 9 (RLIN) |
40445 |
| 650 04 - PUNTO DE ACCESO ADICIONAL DE MATERIA--TÉRMINO DE MATERIA |
| Término de materia o nombre geográfico como elemento de entrada |
Maíz |
| Subdivisión general |
Fertilización. |
| 9 (RLIN) |
70956 |
| 650 04 - PUNTO DE ACCESO ADICIONAL DE MATERIA--TÉRMINO DE MATERIA |
| Término de materia o nombre geográfico como elemento de entrada |
Maíz |
| Subdivisión general |
Fertilización. |
| 9 (RLIN) |
70956 |
| 650 04 - PUNTO DE ACCESO ADICIONAL DE MATERIA--TÉRMINO DE MATERIA |
| Término de materia o nombre geográfico como elemento de entrada |
Micorriza. |
| 9 (RLIN) |
75486 |
| 700 1# - PUNTO DE ACCESO ADICIONAL--NOMBRE DE PERSONA |
| Nombre de persona |
Noriega Altamirano, Gerardo |
| 9 (RLIN) |
81734 |
| Término indicativo de función/relación |
Director |
| 856 ## - LOCALIZACIÓN Y ACCESO ELECTRÓNICOS |
| Identificador Uniforme del Recurso |
http://10.13.5.2/tesis/111224.pdf |
| Nota pública |
DESCARGAR PDF |
| 942 ## - ELEMENTOS DE PUNTO DE ACCESO ADICIONAL (KOHA) |
| Tipo de ítem Koha |
Tesis digital |
| Fuente del sistema de clasificación o colocación |
Clasificación Universidad Uatónoma Chapingo |
| 590 ## - NOTA LOCAL (RLIN) |
| Nota local |
ALEPH |
| Procedencia (VM) [OBSOLETO] |
10 |
| Condición del los carretes individuales (VM) [OBSOLETO] |
20130110 |
| 590 ## - NOTA LOCAL (RLIN) |
| Nota local |
BATCH-UPD |
| Procedencia (VM) [OBSOLETO] |
10 |
| Condición del los carretes individuales (VM) [OBSOLETO] |
20130110 |
| 590 ## - NOTA LOCAL (RLIN) |
| Nota local |
BATCH-UPD |
| Procedencia (VM) [OBSOLETO] |
10 |
| Condición del los carretes individuales (VM) [OBSOLETO] |
20130410 |
| 590 ## - NOTA LOCAL (RLIN) |
| Nota local |
BATCH-UPD |
| Procedencia (VM) [OBSOLETO] |
10 |
| Condición del los carretes individuales (VM) [OBSOLETO] |
20130914 |
| 590 ## - NOTA LOCAL (RLIN) |
| Nota local |
BATCH-UPD |
| Procedencia (VM) [OBSOLETO] |
10 |
| Condición del los carretes individuales (VM) [OBSOLETO] |
20140324 |
| 590 ## - NOTA LOCAL (RLIN) |
| Nota local |
BATCH-UPD |
| Procedencia (VM) [OBSOLETO] |
10 |
| Condición del los carretes individuales (VM) [OBSOLETO] |
20141002 |
| 590 ## - NOTA LOCAL (RLIN) |
| Nota local |
CONVERSION |
| Procedencia (VM) [OBSOLETO] |
10 |
| Condición del los carretes individuales (VM) [OBSOLETO] |
20130109 |
| 901 ## - ELEMENTOS DE DATOS A LOCAL LDA (RLIN) |
| a |
BK |
| 949 ## - PROCESAMIENTO DE INFORMACIÓN LOCAL (OCLC) |
| b |
BC |
| c |
TES |
| d |
33724002219900 |
| e |
TS2 |
| f |
c.2 |
| g |
DonaciØn |
| h |
51312 |
| i |
111224 |
| s |
b |
| 949 ## - PROCESAMIENTO DE INFORMACIÓN LOCAL (OCLC) |
| b |
BC |
| c |
TES |
| d |
33724002219941 |
| e |
TS1 |
| g |
DonaciØn |
| h |
51311 |
| i |
111224 |
| s |
b |